Progress in psychobiology and physiological psychology / (Record no. 67816)
[ view plain ]
| 000 -LEADER | |
|---|---|
| fixed length control field | 00793nam a22002537a 4500 |
| 001 - CONTROL NUMBER | |
| control field | 67816 |
| 003 - CONTROL NUMBER IDENTIFIER | |
| rucl marc code | BD-RjUL |
| 005 - DATE AND TIME OF LATEST TRANSACTION | |
| control field | 20211209081709.0 |
| 008 - FIXED-LENGTH DATA ELEMENTS--GENERAL INFORMATION | |
| fixed length control field | 170329s1977 nyua|||| |||| 001 0 eng d |
| 020 ## - INTERNATIONAL STANDARD BOOK NUMBER | |
| International Standard Book Number | 0125421060 (Vol. 6) |
| International Standard Book Number | 0125421079 (Vol. 7) |
| 035 ## - SYSTEM CONTROL NUMBER | |
| System control number | (BD-RjUL)68025 |
| 040 ## - CATALOGING SOURCE | |
| Original cataloging agency | BD-RjUL |
| Language of cataloging | eng |
| Transcribing agency | BD-RjUL |
| Modifying agency | BD-RjUL |
| 041 ## - LANGUAGE CODE | |
| Language code of text/sound track or separate title | eng |
| 082 ## - DEWEY DECIMAL CLASSIFICATION NUMBER | |
| Edition number | 23 |
| Classification number | 152 |
| Author mark and year | PRO 1977 |
| 245 ## - TITLE STATEMENT | |
| Title | Progress in psychobiology and physiological psychology / |
| Statement of responsibility, etc. | edited by James M Sprague and Alan N Epstein |
| 260 ## - PUBLICATION, DISTRIBUTION, ETC. (IMPRINT) | |
| Place of publication, distribution, etc. | New York : |
| Name of publisher, distributor, etc. | Academic Press, |
| Date of publication, distribution, etc. | 1977 |
| 300 ## - PHYSICAL DESCRIPTION | |
| Pagination | V. : |
| Illustrations | ill. ; |
| Size | 24 cm |
| 500 ## - GENERAL NOTE | |
| General note | Includes index |
| 505 ## - FORMATTED CONTENTS NOTE | |
| Formatted contents note | Vol. 6. -- V. 7--- |
| 650 ## - SUBJECT ADDED ENTRY--TOPICAL TERM | |
| Topical term or geographic name as entry element | Human behavior |
| Form subdivision | Collected works. |
| 9 (RLIN) | 201047 |
| Topical term or geographic name as entry element | Psychophysiology |
| Form subdivision | Collected works. |
| 9 (RLIN) | 201048 |
| 942 ## - ADDED ENTRY ELEMENTS (KOHA) | |
| Source of classification or shelving scheme | Dewey Decimal Classification |
| Koha item type | Books |
| Lost status | Source of classification or shelving scheme | Damaged status | Not for loan | Collection code | Permanent Location | Current Location | Shelving location | Date acquired | Source of acquisition | Cost, normal purchase price | Total Checkouts | Full call number | Date last seen | Copy number | Koha item type |
|---|---|---|---|---|---|---|---|---|---|---|---|---|---|---|---|
| Dewey Decimal Classification | Not For Loan | Non-fiction | Central Library, University of Rajshahi | Central Library, University of Rajshahi | Reading Room | 22/12/1981 | Heffer | 17.35 | 152 PRO VOL-7 1977 | 29/03/2017 | C-1 | Books | |||
| Dewey Decimal Classification | Not For Loan | Non-fiction | Central Library, University of Rajshahi | Central Library, University of Rajshahi | Reading Room | 22/12/1981 | Heffers | 17.40 | 152 PRO V-6 1976 | 29/03/2017 | C-1 | Books |